Statistics for Top 25 Cities of New York By Population

Click here to take the quiz!

General Stats

  • This quiz has been taken 19 times
  • The average score is 8 of 25

Answer Stats

HintAnswer% Correct
276,011Buffalo
100%
8,736,047New York City
100%
99,402Albany
94%
211,100Rochester
94%
146,781Syracuse
89%
209,730Yonkers
78%
791,018Hempstead
33%
80,685New Rochelle
33%
339,596Islip
28%
72,855Mount Vernon
28%
217,796Babylon
17%
300,743Oyster Bay
17%
204,147Huntington
11%
116,560Smithtown
11%
485,984Brookhaven
6%
89,518Cheektowaga
6%
86,783Clarkstown
6%
96,839Greece
6%
236,910North Hempstead
6%
67,704Southampton
6%
72,608Tonawanda
6%
128,783Amherst
0%
85,430Colonie
0%
94,459Greenburgh
0%
147,119Ramapo
0%

Score Distribution

Percentile by Number Answered

Percent of People with Each Score

Your Score History

You have not taken this quiz